| 000 | 00876nam a2200205Ii 4500 | ||
|---|---|---|---|
| 003 | JO-AjNU | ||
| 008 | 230605s9999||||xx |||||||||||||| ||und|| | ||
| 040 |
_aJO-AjNU _bara _erda _cJO-AjNU |
||
| 041 | _aara | ||
| 050 | 1 | 4 | _aBP1580.A83 2010 |
| 100 | 3 |
_aالأشفورقاني، عماد الدين محمد بن محمد ؛ تحقيق ودراسة مجاهد الإسلام القاسمي, _eauthor _943671 |
|
| 245 | 0 | 0 | _aصنوان القضاء وعنوان الإفتاء، ج1 |
| 250 | _aط2 | ||
| 264 | 3 | 1 | _aالكويت: وزارة الأوقاف والشؤون الاسلامية قطاع الافتاء والبحوث الشرعية، 2010 |
| 300 | _aج1، 416ص | ||
| 336 |
_atext _btxt _2rdacontent |
||
| 337 |
_aunmediated _bn _2rdamedia |
||
| 338 |
_avolume _bnc _2rdacarrier |
||
| 650 | 4 |
_aالقضاء في الاسلام- الفتاوى الشرعية _943672 |
|
| 999 |
_aA18791 _c22359 _d22359 |
||